Saga of swans and Harrier over the fen.

Bibliographic Details
Main Author: Richmond, W. Kenneth (William Kenneth), 1910-1990
Format: Book
Language:English
Published: London : Routledge & Paul, [1949]
Subjects:

MARC

Tag First Indicator Second Indicator Subfields
LEADER 00000cam a2200000 4500
001 in00000040484
005 20151007074431.0
008 790925s1949 enkf 00000 engm
010 |a  50000849  
035 |a (OCoLC)05423195 
035 |9 AAF1518AM 
040 |a DLC  |c NRC  |d NRC  |d TXA  |d UtOrBLW 
043 |a e-uk--- 
049 |a TXAM  |c [209605] 
050 0 0 |a QL690.G7  |b R5 
082 0 |a 598.2942 
092 |a 598.2  |b R533s 
100 1 |a Richmond, W. Kenneth  |q (William Kenneth),  |d 1910-1990. 
245 1 0 |a Saga of swans and Harrier over the fen. 
264 1 |a London :  |b Routledge & Paul,  |c [1949] 
300 |a 180 pages :  |b plates. ;  |c 22 cm. 
336 |a text  |b txt  |2 rdacontent 
337 |a unmediated  |b n  |2 rdamedia 
338 |a volume  |b nc  |2 rdacarrier 
650 0 |a Birds  |z Great Britain. 
650 0 |a Swans. 
650 0 |a Harriers. 
740 0 |a Harrier over the fen. 
999 |a MARS 
999 f f |s 29c58f3a-c242-3b9f-9aba-c3af3f3aa5e7  |i d501a052-b4da-32f9-bc85-91d21c6e5750  |t 0 
952 f f |p ric  |a Texas A&M University  |b Rellis Campus  |c Joint Library Facility  |d Remote Storage  |t 0  |e QL690.G7 R5  |h Library of Congress classification  |i unmediated -- volume  |m A14801022175 
998 f f |a QL690.G7 R5  |t 0  |l Remote Storage